Central Library OPAC University of Rajshahi

Marxists on literature : (Record no. 62206)

MARC details
000 -LEADER
fixed length control field 00630nam a2200229 a 4500
001 - CONTROL NUMBER
control field 62206
003 - CONTROL NUMBER IDENTIFIER
rucl marc code BD-RjUL
005 - DATE AND TIME OF LATEST TRANSACTION
control field 20211209081044.0
008 - FIXED-LENGTH DATA ELEMENTS--GENERAL INFORMATION
fixed length control field 170123r19771975eng |||| |||| 00| 0 eng d
020 ## - INTERNATIONAL STANDARD BOOK NUMBER
International Standard Book Number 0140218092
035 ## - SYSTEM CONTROL NUMBER
System control number (BD-RjUL)62331
040 ## - CATALOGING SOURCE
Original cataloging agency BD-RjUL
Language of cataloging eng
Transcribing agency BD-RjUL
041 ## - LANGUAGE CODE
Language code of text/sound track or separate title eng
082 ## - DEWEY DECIMAL CLASSIFICATION NUMBER
Edition number 23
Classification number 809
Author mark and year MAR 1977
245 ## - TITLE STATEMENT
Title Marxists on literature :
Remainder of title an anthology /
Statement of responsibility, etc. David Craig.
260 ## - PUBLICATION, DISTRIBUTION, ETC. (IMPRINT)
Place of publication, distribution, etc. England:
Name of publisher, distributor, etc. Penguin Books,
Date of publication, distribution, etc. 1975[reprined1977].
300 ## - PHYSICAL DESCRIPTION
Pagination 527 p. ;
Size 19 cm.
650 ## - SUBJECT ADDED ENTRY--TOPICAL TERM
Topical term or geographic name as entry element Literature.
9 (RLIN) 177187
Topical term or geographic name as entry element Literaturtheorie.
9 (RLIN) 185020
700 ## - ADDED ENTRY--PERSONAL NAME
Personal name Craig, David
942 ## - ADDED ENTRY ELEMENTS (KOHA)
Source of classification or shelving scheme Dewey Decimal Classification
Koha item type Books
Holdings
Lost status Source of classification or shelving scheme Damaged status Not for loan Collection code Permanent Location Current Location Shelving location Date acquired Source of acquisition Cost, normal purchase price Total Checkouts Full call number Date last seen Copy number Koha item type
  Dewey Decimal Classification   Not For Loan Non-fiction Central Library, University of Rajshahi Central Library, University of Rajshahi Reading Room 31/03/1980 Heffers 1.50   809 MAR 1977 23/01/2017 C-1 Books